Didaktika účtovníctva. I. diel /
Uloženo v:
| Hlavní autor: | |
|---|---|
| Médium: | Kniha |
| Jazyk: | slovenština |
| Vydáno: |
Bratislava :
Ekonóm,
2003
|
| Vydání: | 2. preprac. a dopl. vyd. |
| Témata: | |
| ISBN: | 8022517070 |
| On-line přístup: |
|
| Tagy: |
Přidat tag
Žádné tagy, Buďte první, kdo vytvoří štítek k tomuto záznamu!
|
MARC
| LEADER | 00000nam a2200000 4500 | ||
|---|---|---|---|
| 003 | SK-BrCVT | ||
| 005 | 20220621155907.0 | ||
| 008 | 030903s2003 xo e ||||||slo d | ||
| 020 | |a 8022517070 | ||
| 035 | |a CVTIDW0969409 | ||
| 040 | |b slo |a CVTI SR | ||
| 041 | 0 | |a slo | |
| 044 | |a xo | ||
| 080 | |a 37:657 |2 UDC-MRF | ||
| 100 | 1 | |a Šlosár, Rudolf |d 1950-, | |
| 245 | 1 | 0 | |a Didaktika účtovníctva. I. diel / |c Rudolf Šlosár |
| 250 | |a 2. preprac. a dopl. vyd. | ||
| 260 | |a Bratislava : |b Ekonóm, |c 2003 | ||
| 300 | |a 192 s. : |b lit., obr., tab. ; | ||
| 500 | |a Národohospodárska fakulta Ekonomickej univerzity | ||
| 653 | 1 | |a ekonomika |a obchod |a krytie majetku |a účtovná kniha | |
| 910 | |b S587861 | ||
| 919 | |a 80-225-1707-0 | ||
| 974 | |f Knihy | ||
| 992 | |a ASK | ||
| 999 | |c 127470 |d 127470 | ||

